| 000 | 00663nam a2200181Ia 4500 | ||
|---|---|---|---|
| 008 | 100917s9999 xx 000 0 und d | ||
| 082 | _b11571 | ||
| 100 | _aकवठेकर दत्त रघुनाथ | ||
| 245 | _aमला सोबत हवीय फक्त सोबत | ||
| 260 |
_bकुलकर्णी ग्रंथगार प्रकाशन _c1973 |
||
| 300 | _a168 | ||
| 365 | _b10 | ||
| 520 | _aकादंबरी | ||
| 630 | _aमला सोबत हवीय फक्त सोबत | ||
| 650 | _aकादंबरी | ||
| 730 | _aमला सोबत हवीय फक्त सोबत | ||
| 942 | _cBOOK | ||
| 999 |
_c616965 _d616962 |
||